| 000 | 00512nam a2200169 a 4500 | ||
|---|---|---|---|
| 005 | 20140412111329.0 | ||
| 008 | 030110s19uu xx 00 eng d | ||
| 020 | _a0-02-686153-4 | ||
| 050 |
_aER _bAs1 1995 |
||
| 100 | _aArchambault, John | ||
| 245 |
_aAsk the armadillo / _cby John Archambault and David Plummer ; illustraed by Jim Deal. |
||
| 260 |
_aColumbus, Ohio : _bSRA/McGraw-Hill, _c1995. |
||
| 300 | _a15 p. ; ill. | ||
| 650 | _aAnimals--Fiction | ||
| 650 | _aEnvironment--Fiction | ||
| 999 |
_c104856 _d104856 |
||